[Event "Riadh Rapid op"]
[Site "Riadh"]
[Date "2023.03.18"]
[Round "9"]
[White "Ismael, Mohamed Goumaneh"]
[Black "Alwajaan, Dhary Abdullah"]
[Result "1-0"]
[WhiteElo "1478"]
[BlackElo "1416"]
[PlyCount "57"]
[EventDate "2023.03.17"]
[EventType "swiss (rapid)"]
[EventRounds "9"]
[EventCountry "SAU"]
[SourceTitle "CBM 213 Extra"]
[Source "ChessBase"]
[SourceDate "2023.05.31"]
[SourceVersion "1"]
[SourceVersionDate "2023.05.31"]
[SourceQuality "1"]

1. e4 e5 2. Nf3 Nc6 3. d4 exd4 4. Bc4 Bc5 5. c3 d3 6. Qxd3 d6 7. 0-0 Nf6 8. h3 0-0 9. Bg5 h6 10. Bh4 Ne5 11. Nxe5 dxe5 12. Qf3 Be7 13. Bg3 Qd6 14. Rd1 Qb6 15. Bb3 Bd6 16. Nd2 Qc6 17. Bc2 b6 18. Bh4 Nd7 19. Nf1 Nc5 20. Ne3 Re8 21. Nf5 Bxf5 22. Qxf5 Re6 23. b4 g6 24. Qf3 Na4 25. Bb3 Rae8 26. Bxe6 Rxe6 27. Rac1 Nb2 28. Rd2 Bxb4 29. Rxb2 1-0

[Event "Riadh Rapid op"]
[Site "Riadh"]
[Date "2023.03.17"]
[Round "4"]
[White "Alwajaan, Dhary Abdullah"]
[Black "Hemam, Moulaye Brahim"]
[Result "0-1"]
[WhiteElo "1416"]
[BlackElo "2056"]
[PlyCount "120"]
[EventDate "2023.03.17"]
[EventType "swiss (rapid)"]
[EventRounds "9"]
[EventCountry "SAU"]
[SourceTitle "CBM 213 Extra"]
[Source "ChessBase"]
[SourceDate "2023.05.31"]
[SourceVersion "1"]
[SourceVersionDate "2023.05.31"]
[SourceQuality "1"]

1. d4 Nf6 2. c4 g6 3. Nc3 d5 4. cxd5 Nxd5 5. e4 Nxc3 6. bxc3 Bg7 7. Be3 0-0 8. Bc4 c5 9. Ne2 cxd4 10. cxd4 Qa5+ 11. Qd2 Qxd2+ 12. Kxd2 Nc6 13. Rhd1 Rd8 14. Ke1 Na5 15. Bd3 Be6 16. Rab1 b6 17. d5 Bd7 18. Ba6 e6 19. Nf4 e5 20. Nd3 Bc8 21. Bb5 Rb8 22. Bg5 f6 23. Bd2 Nb7 24. Nb4 Bd7 25. Nc6 Nd6 26. Nxb8 Bxb5 27. Nc6 Ra8 28. Rdc1 Bd3 29. Rb4 Bxe4 30. f3 Bd3 31. Rb3 Bc4 32. Rbc3 b5 33. Be3 a6 34. Bc5 Nb7 35. Bb6 Kf7 36. Rd1 Bf8 37. a4 Bd6 38. a5 Ke8 39. Rb1 Kd7 40. Nb4 Nc5 41. Bxc5 Bxc5 42. Nc2 Kd6 43. Rd1 f5 44. Kd2 f4 45. Kc1 Rc8 46. Kb2 Be2 47. Rd2 b4 48. Nxb4 Bxb4 49. Rxc8 Bxd2 50. Rc2 Bxa5 51. Rxe2 Kxd5 52. Kb3 Bb6 53. Rd2+ Bd4 54. Kb4 e4 55. Ka5 e3 56. Re2 Kc4 57. Kxa6 Kd3 58. Ra2 e2 59. Ra3+ Bc3 60. Ra1 Bxa1 0-1

[Event "Riadh Rapid op"]
[Site "Riadh"]
[Date "2023.03.17"]
[Round "1"]
[White "Ayyad, Husain Abdulgalil"]
[Black "Alwajaan, Dhary Abdullah"]
[Result "0-1"]
[WhiteElo "2225"]
[BlackElo "1416"]
[PlyCount "54"]
[EventDate "2023.03.17"]
[EventType "swiss (rapid)"]
[EventRounds "9"]
[EventCountry "SAU"]
[SourceTitle "CBM 213 Extra"]
[Source "ChessBase"]
[SourceDate "2023.05.31"]
[SourceVersion "1"]
[SourceVersionDate "2023.05.31"]
[SourceQuality "1"]

1. e4 c5 2. Nf3 Nc6 3. Bb5 g6 4. d4 cxd4 5. Nxd4 Bg7 6. Be3 Qb6 7. Bxc6 bxc6 8. Nf5 Qb4+ 9. c3 Qxe4 10. Nxg7+ Kf8 11. 0-0 Kxg7 12. Re1 Qd5 13. Bd4+ f6 14. Nd2 e5 15. Be3 Ne7 16. c4 Qe6 17. Qf3 d5 18. cxd5 cxd5 19. Bc5 Nf5 20. Rad1 Bb7 21. Qb3 Bc6 22. Nb1 Rhb8 23. Qa3 d4 24. b3 Nh4 25. f3 Nxg2 26. Kxg2 Qg4+ 27. Kf1 Qxf3+ 0-1